| 000 | 00963nac a22002777a 4500 | ||
|---|---|---|---|
| 001 | BR9300942 | ||
| 003 | BR-BrBNA | ||
| 005 | 20240105121420.0 | ||
| 008 | 230509b bl.|||m| |||| 00| 0 por d | ||
| 040 |
_aBR-BrBNA _bpor _cBiblioteca Nacional de Agricultura |
||
| 072 | _aF01; F30 | ||
| 090 | _a1126 BR9300942 | ||
| 100 | 1 | _aPassos, O.S. | |
| 110 | 1 | _aCentro Nacional de Pesquisa de Mandioca e Fruticultura Tropical, Cruz das Almas, BA (Brasil) | |
| 245 | 1 | _aPesquisa e desenvolvimento em fruticultura | |
| 260 | 3 |
_aCruz das Almas, BA (Brasil): _c1992. |
|
| 300 | _a32 p. | ||
| 490 |
_aDocumentos - Centro Nacional de Pesquisa de Mandioca e Fruticultura Tropical (Brazil) _vno. 43 _xISSN 0101-7411 |
||
| 500 | _a12 ref.; 5 illus.; 5 tables; Summary (Pt) | ||
| 650 | _aAbacaxi | ||
| 650 | _aBanana | ||
| 650 | _aFruta Citrica | ||
| 650 | _aMelhoramento Genetico Vegetal | ||
| 909 |
_a202312 _bLúcia Elande _c55 _dLúcia Elande |
||
| 942 |
_2AGRIS _n0 _cMS |
||
| 999 |
_c285173 _d285173 |
||